| 000 | 00554nam a2200097Ia 4500 | ||
|---|---|---|---|
| 008 | 170517s9999 xx 000 0 und d | ||
| 245 | 4 | _aThe Weight of the Nation: Children in Crisis | |
| 300 | _aChildhood obesity is much more than a cosmetic concern. The health consequences of childhood obesity include greater risk of heart disease, type 2 diabetes, high blood pressure, asthma and other serious illnesses. The combination of these health effects and... | ||
| 650 | _xTechnology. | ||
| 856 | _uhttp://topdocumentaryfilms.com/weight-nation-children-crisis/ | ||
| 999 |
_c335130 _d335130 |
||